<?xml version="1.0" encoding="UTF-8"?>
<record
    xmlns:xsi="http://www.w3.org/2001/XMLSchema-instance"
    xsi:schemaLocation="http://www.loc.gov/MARC21/slim http://www.loc.gov/standards/marcxml/schema/MARC21slim.xsd"
    xmlns="http://www.loc.gov/MARC21/slim">

  <leader>00937nam0a22002651  4500</leader>
  <controlfield tag="001">rc\4307567</controlfield>
  <controlfield tag="005">20250612043819.0</controlfield>
  <datafield tag="021" ind1=" " ind2=" ">
    <subfield code="a">RU</subfield>
    <subfield code="b">[67-80864]</subfield>
  </datafield>
  <datafield tag="035" ind1=" " ind2=" ">
    <subfield code="a">(NLR Aleph) 008506135</subfield>
  </datafield>
  <datafield tag="090" ind1=" " ind2=" ">
    <subfield code="a">8139875</subfield>
    <subfield code="c">8139875</subfield>
  </datafield>
  <datafield tag="100" ind1=" " ind2=" ">
    <subfield code="a">20130416d1967    |||y0rusy50      ca</subfield>
  </datafield>
  <datafield tag="101" ind1="0" ind2=" ">
    <subfield code="a">rus</subfield>
  </datafield>
  <datafield tag="102" ind1=" " ind2=" ">
    <subfield code="a">RU</subfield>
  </datafield>
  <datafield tag="105" ind1=" " ind2=" ">
    <subfield code="a">a   z   |||||</subfield>
  </datafield>
  <datafield tag="200" ind1="1" ind2=" ">
    <subfield code="a">&#x413;&#x435;&#x43C;&#x43E;&#x441;&#x43F;&#x43E;&#x440;&#x438;&#x434;&#x438;&#x43E;&#x437;&#x44B; &#x43A;&#x440;&#x443;&#x43F;&#x43D;&#x43E;&#x433;&#x43E; &#x440;&#x43E;&#x433;&#x430;&#x442;&#x43E;&#x433;&#x43E; &#x441;&#x43A;&#x43E;&#x442;&#x430; &#x432; &#x41A;&#x438;&#x440;&#x433;&#x438;&#x437;&#x438;&#x438; &#x438; &#x43C;&#x435;&#x440;&#x44B; &#x431;&#x43E;&#x440;&#x44C;&#x431;&#x44B; &#x441; &#x43D;&#x438;&#x43C;&#x438;</subfield>
  </datafield>
  <datafield tag="210" ind1=" " ind2=" ">
    <subfield code="a">&#x424;&#x440;&#x443;&#x43D;&#x437;&#x435;</subfield>
    <subfield code="c">&#x41A;&#x44B;&#x440;&#x433;&#x44B;&#x437;&#x441;&#x442;&#x430;&#x43D;</subfield>
    <subfield code="d">1967</subfield>
  </datafield>
  <datafield tag="215" ind1=" " ind2=" ">
    <subfield code="a">64 &#x441;., 1 &#x43B;. &#x442;&#x430;&#x431;&#x43B;.</subfield>
    <subfield code="c">&#x438;&#x43B;.</subfield>
    <subfield code="d">17</subfield>
  </datafield>
  <datafield tag="606" ind1=" " ind2=" ">
    <subfield code="a">&#x413;&#x435;&#x43C;&#x43E;&#x441;&#x43F;&#x43E;&#x440;&#x438;&#x434;&#x438;&#x43E;&#x437;&#x44B; &#x43A;&#x440;&#x443;&#x43F;&#x43D;&#x43E;&#x433;&#x43E; &#x440;&#x43E;&#x433;&#x430;&#x442;&#x43E;&#x433;&#x43E; &#x441;&#x43A;&#x43E;&#x442;&#x430;</subfield>
    <subfield code="2">psbo</subfield>
  </datafield>
  <datafield tag="700" ind1=" " ind2="1">
    <subfield code="a">&#x412;&#x435;&#x447;&#x435;&#x440;&#x43A;&#x438;&#x43D;</subfield>
    <subfield code="b">&#x421;.&#x421;.</subfield>
    <subfield code="g">&#x421;&#x435;&#x440;&#x433;&#x435;&#x439; &#x421;&#x435;&#x43C;&#x435;&#x43D;&#x43E;&#x432;&#x438;&#x447;</subfield>
  </datafield>
  <datafield tag="701" ind1=" " ind2="1">
    <subfield code="a">&#x415;&#x441;&#x438;&#x43A;&#x43E;&#x432;</subfield>
    <subfield code="b">&#x412;.&#x418;.</subfield>
    <subfield code="g">&#x412;&#x430;&#x43B;&#x435;&#x43D;&#x442;&#x438;&#x43D; &#x418;&#x432;&#x430;&#x43D;&#x43E;&#x432;&#x438;&#x447;</subfield>
  </datafield>
  <datafield tag="801" ind1=" " ind2="0">
    <subfield code="a">RU</subfield>
    <subfield code="b">NLR</subfield>
    <subfield code="g">psbo</subfield>
  </datafield>
  <datafield tag="801" ind1=" " ind2="1">
    <subfield code="a">RU</subfield>
    <subfield code="b">ELAR</subfield>
    <subfield code="2">rusmarc</subfield>
  </datafield>
  <datafield tag="852" ind1=" " ind2=" ">
    <subfield code="a">NLR</subfield>
    <subfield code="j">67-2/2826</subfield>
  </datafield>
  <datafield tag="942" ind1=" " ind2=" ">
    <subfield code="c">BOOK</subfield>
  </datafield>
  <datafield tag="980" ind1=" " ind2=" ">
    <subfield code="a">NB</subfield>
  </datafield>
  <datafield tag="995" ind1=" " ind2=" ">
    <subfield code="5">2013-10-26</subfield>
    <subfield code="b">NLR01</subfield>
    <subfield code="c">NLR01</subfield>
    <subfield code="e">RF31</subfield>
    <subfield code="f">8506135-10</subfield>
    <subfield code="k">67-2/2826</subfield>
    <subfield code="o">0</subfield>
    <subfield code="r">BOOK</subfield>
    <subfield code="s">6722826_</subfield>
  </datafield>
</record>
